1539 1602 1369 1796 1952 1508 1932 1504 1828 1823 1687 1029 1791 1088 1477 1650 1117 1982 1796 1388 1321 1896 1409 1066 1287 1552 1855 1097 1462 1364 1015 1954 1265 1620 1713 1808 1904 1287 1103 1549 1241 1364 1683 1742 1647 1083 1118 1795 1974 1445 1422 1721 1957 1638 1361 1449 1289 1698 1274 1117 1546 1582 1238 1048 1791 1899 1746 1539 1627 1762 1365 1589 1024 1626 1728 1219 1945 1938 1178 1395 1479 1182 1913 1928 1899 1527 1901 1918 1404 1223 1287 1405 1243 1414 1329 1390 1102 1033 1293 BCNSPRNW ULIB Ver.6.0+V

เปลี่ยนเป็นภาษาไทย

Change to English
 แสดงรายละเอียดบรรณานุกรม
  กลับหน้าหลัก

Brief Record : Get Marc (ISO 2709) : E-mail record : QR code < ปิดหน้าต่าง
LEADER : 00000nam 2200000uu 4500
001    13399112399
003     ULIB
008    110810s2547||||th 000 0 tha d
020    9749609549
020    9789749609545
040    brv
050  4 HF5734.5^bส276ก 2547
100 0  สมิต สัชฌุกร
245 10 การประชุมที่เกิดประสิทธิผล =^bEffective meeting /^cสมิตสัชฌุกร
246 31 Effective meeting
250    พิมพ์ครั้งที่ 1
260    กรุงเทพฯ :^bสายธาร,^c2547
300    222 หน้า :^bภาพประกอบ ;^c21 ซม.
650  4 การประชุม
945    ^p195^l0^i017013
995    ทศพร
999 ^a ทศพร
รายการนี้ยังไม่มีแท็ก
คุณยังไม่ได้ล็อกอิน คุณสามารถมีกิจกรรมร่วมกับเว็บไซต์ได้ แต่ต้องล็อกอินก่อน ::
  ล็อกอิน

รายการสื่อสารสนเทศ

ลำดับที่ ประเภท เลขเรียก/บาร์โค้ด สถานที่ สถานะ
- ไม่พบข้อมูล -

รายการใกล้เคียง
    ผู้แต่ง [สมิต สัชฌุกร]

    หัวเรื่อง [การประชุม]

BibComment


ยังไม่เคยถูกคอมเมนท์

คอมเมนท์ทรัพยากรรายการนี้
  คอมเมนท์: การประชุมที่เกิดป..


 Copyright 2026. Bcnsprnw @Library